000 00655nam a2200229Ia 4500
003 OSt
005 20220923212320.0
006 a|||||r|||| 00| 0
007 ta
008 220922b |||||||| |||| 00| 0 hin d
024 _a152,177
037 _cTextual
040 _aARTS
_cARTS
_bhin
041 _2hin
_ahin
082 _a/\24:3, 152H9;91
100 _aहारा, ओ हष्णु
_9162374
245 0 _aकर्मयोग, संतराम अनु
246 _aKarmayoga, santarām anu0
260 _c1949
942 _h/\24:3, 152H9;91
_cTEXL
_2CC
999 _c307826
_d307826